| 000 | 00835cam a22002653a 4500 | ||
|---|---|---|---|
| 001 | 10114 | ||
| 003 | PGUSA | ||
| 005 | 20140828083219.0 | ||
| 008 | 031101s2003||||xxu|||||s|||||000 | eng d | ||
| 040 |
_aPGUSA _beng |
||
| 042 | _adc | ||
| 050 | 4 | _aD | |
| 245 | 1 | 4 |
_aThe Great Events by Famous Historians, Volume 02 : _b(From the Rise of Greece to the Christian Era) _h[electronic resource] |
| 260 |
_bProject Gutenberg, _c2003 |
||
| 500 | _aThis volume covers B.C. 450-A.D. 12. | ||
| 506 | _aPublic domain in the USA. | ||
| 516 | _aElectronic text | ||
| 653 | _aWorld history | ||
| 700 | 1 |
_aHorne, Charles F. _q(Charles Francis), _d1870-1942 |
|
| 700 | 1 | _aRudd, John, LL. D. | |
| 700 | 1 |
_aJohnson, Rossiter, _d1840-1931 |
|
| 830 | 0 |
_aProject Gutenberg _v10114 |
|
| 856 | 4 | 0 | _uhttp://www.gutenberg.org/ebooks/10114 |
| 942 | _cEB | ||
| 999 |
_c239369 _d239369 |
||